Applied electrochemistry: (Record no. 1428981)
[ view plain ]
| 000 -LEADER | |
|---|---|
| fixed length control field | 01903nam a2200229 4500 |
| 005 - DATE AND TIME OF LATEST TRANSACTION | |
| control field | 20250522101843.0 |
| 008 - FIXED-LENGTH DATA ELEMENTS--GENERAL INFORMATION | |
| fixed length control field | 250522b |||||||| |||| 00| 0 eng d |
| 020 ## - INTERNATIONAL STANDARD BOOK NUMBER | |
| International Standard Book Number | 9783111160344 |
| 040 ## - CATALOGING SOURCE | |
| Original cataloging agency | CSL |
| Transcribing agency | CSL |
| 041 ## - LANGUAGE CODE | |
| Source of code | eng |
| Language code of text/sound track or separate title | eng |
| 084 ## - COLON CLASSIFICATION NUMBER | |
| Classification number | E:26 R4 Carc |
| Assigning agency | CSL |
| 100 ## - MAIN ENTRY--PERSONAL NAME | |
| Personal name | Jackowska, Krystyna |
| Relator term | author. |
| 9 (RLIN) | 809279 |
| 245 ## - TITLE STATEMENT | |
| Title | Applied electrochemistry: |
| Remainder of title | Aspect in material and environmental science |
| 250 ## - EDITION STATEMENT | |
| Edition statement | 2nd ed. |
| 260 ## - PUBLICATION, DISTRIBUTION, ETC. | |
| Place of publication, distribution, etc. | Berlin: |
| Name of publisher, distributor, etc. | De Gruyter, |
| Date of publication, distribution, etc. | 2024. |
| 300 ## - PHYSICAL DESCRIPTION | |
| Extent | xiv, 390p.: |
| Other physical details | ill. |
| Dimensions | ; 24 cm |
| 500 ## - GENERAL NOTE | |
| General note | Includes List of abbreviations, list of symbols and index |
| 520 ## - SUMMARY, ETC. | |
| Summary, etc. | This book introduces the main aspects of modern applied electrochemistry. Starting with the basics of thermodynamic background, structure of interfaces and selected techniques used in analytical and material chemistry, the authors address the principles of electrochemistry in material science: corrosion, electrocatalysis, electrodeposition, energy storage and conversion. The application of nanostructured materials in these processes, as well as interfacing of electrochemistry with biology and medicine is discussed. The final part of the book is devoted to photoelectrochemistry and solar energy conversion in photoelectrochemical cells of various types. The goal of this book is to show that electrochemistry has many applications, not only for understanding of various phenomena in nowadays life but also in practical devices and can stimulate new science-enabled technologies, nourishing leaps from bench-top to large-scale industries, providing also means for protecting our environment. |
| 650 ## - SUBJECT ADDED ENTRY--TOPICAL TERM | |
| Topical term or geographic name entry element | Electrochemistry |
| Form subdivision | Electrochemical engineering |
| General subdivision | Environmental chemistry |
| Chronological subdivision | Electrochemical processes |
| Geographic subdivision | Electrochemical sensors |
| 9 (RLIN) | 809280 |
| 700 ## - ADDED ENTRY--PERSONAL NAME | |
| Personal name | Krysinski, Pawel |
| Relator term | co-author. |
| 9 (RLIN) | 809281 |
| 942 ## - ADDED ENTRY ELEMENTS (KOHA) | |
| Source of classification or shelving scheme | Colon Classification (CC) |
| Suppress in OPAC | No |
| Koha item type | Textual |
| Edition | 2nd |
| Classification part | E: 26 R4 Carc |
| Withdrawn status | Lost status | Source of classification or shelving scheme | Damaged status | Not for loan | Home library | Current library | Date acquired | Source of acquisition | Total Checkouts | Full call number | Barcode | Date last seen | Price effective from | Koha item type |
|---|---|---|---|---|---|---|---|---|---|---|---|---|---|---|
| Colon Classification (CC) | Central Science Library | Department of Chemistry Library | 2025-01-09 | Ashutosh technical book | E:26 R4 Carc | CD0009458 | 2025-05-22 | 2025-05-22 | Textual |
